[Event "Online Olym Div4 E"]
[Site "Chess.com INT"]
[Date "2020.08.01"]
[Round "4.5"]
[White "Mufandaedza, Moses"]
[Black "Rowe, Duane"]
[Result "0-1"]
[WhiteElo "1975"]
[BlackElo "2157"]
[PlyCount "136"]
[EventDate "2020.07.31"]
[EventType "team-tourn (rapid)"]
[EventRounds "9"]
[EventCountry "USA"]
[SourceTitle "CBM 198"]
[Source "ChessBase"]
[SourceDate "2020.10.31"]
[SourceVersion "1"]
[SourceVersionDate "2020.10.31"]
[SourceQuality "1"]
[WhiteTeam "Bermuda"]
[BlackTeam "Jamaica"]
[WhiteTeamCountry "BER"]
[BlackTeamCountry "JAM"]

1. d4 Nf6 2. c4 c5 3. d5 e6 4. Nc3 exd5 5. cxd5 d6 6. Nf3 g6 7. h3 Bg7 8. Bf4 0-0 9. Nd2 Na6 10. Nc4 Ne8 11. e3 Nac7 12. a4 b6 13. Be2 Ba6 14. 0-0 Bxc4 15. Bxc4 a6 16. Qc2 Rb8 17. Qe2 Bxc3 18. bxc3 b5 19. axb5 axb5 20. Ba2 Qf6 21. c4 b4 22. Bb3 Ra8 23. Rxa8 Nxa8 24. Qa2 Nac7 25. Qa1 Kg7 26. Re1 Rg8 27. e4 h6 28. Bg3 Qxa1 29. Rxa1 f5 30. e5 dxe5 31. Bxe5+ Kf8 32. Ra7 Ke7 33. Bxc7 Nxc7 34. Rxc7+ Kd6 35. Rc6+ Ke5 36. Rxc5 Kd4 37. Rc6 Kc3 38. Ba4 Ra8 39. d6 Rxa4 40. Kh2 Ra1 41. Rc5 b3 42. d7 b2 43. d8Q b1Q 44. Qf6+ Kc2 45. Qd4 Qg1+ 46. Kg3 Ra3+ 47. Kf4 Qxg2 48. Ke5 Rd3 49. Qf4 Qb7 50. Kf6 Qb6+ 51. Kg7 Qxc5 52. Kxg6 Rd6+ 53. Kh5 Rd4 54. Qxh6 f4+ 55. Kg4 Qxc4 56. Qg6+ Kd2 57. f3 Qe2 58. Qb6 Qg2+ 59. Kf5 Qf2 60. Qb2+ Ke1 61. Qc1+ Ke2 62. Qc2+ Kf1 63. Qc1+ Kg2 64. Qc5 Rd2 65. Qc6 Qxf3 66. Qxf3+ Kxf3 67. h4 Kg3 68. h5 f3 0-1

[Event "The Faulks Shield"]
[Site "Hamilton"]
[Date "2019.01.29"]
[Round "1"]
[White "Place, Wolde"]
[Black "Mufandaedza, Moses"]
[Result "0-1"]
[WhiteElo "1659"]
[BlackElo "1972"]
[PlyCount "46"]
[EventDate "2019.01.29"]
[EventType "swiss"]
[EventRounds "6"]
[EventCountry "BER"]
[SourceTitle "EXT 2021"]
[Source "ChessBase"]
[SourceDate "2020.10.23"]
[SourceVersion "1"]
[SourceVersionDate "2020.10.23"]
[SourceQuality "1"]

1. e4 g6 2. d4 Bg7 3. e5 d6 4. exd6 cxd6 5. c3 Nf6 6. h3 0-0 7. Bd3 Nc6 8. Na3 e5 9. dxe5 dxe5 10. Bg5 Be6 11. Bxf6 Qxf6 12. Qf3 Qe7 13. Be4 Rad8 14. Bxc6 bxc6 15. c4 e4 16. Qe2 Qb4+ 17. Kf1 Rd2 18. Nc2 Qd6 19. Qxe4 Bf5 20. Qf3 Bd3+ 21. Ke1 Rxc2 22. Rd1 Qb4+ 23. Rd2 Qxd2# 0-1

[Event "Hamilton The Bermuda Longtail"]
[Site "Hamilton"]
[Date "2017.03.14"]
[Round "5"]
[White "Casanova, Rey"]
[Black "Mufandaedza, Moses"]
[Result "0-1"]
[WhiteElo "1696"]
[BlackElo "1966"]
[PlyCount "58"]
[EventDate "2017.02.07"]
[EventType "swiss"]
[EventRounds "6"]
[EventCountry "BER"]
[SourceTitle "EXT 2024"]
[Source "ChessBase"]
[SourceDate "2023.10.10"]
[SourceVersion "1"]
[SourceVersionDate "2023.10.10"]
[SourceQuality "1"]

1. e4 e5 2. Nf3 Nf6 3. Nc3 Bb4 4. Nxe5 0-0 5. d3 d5 6. Bd2 Re8 7. Nf3 dxe4 8. dxe4 b6 9. Bd3 Bxc3 10. Bxc3 Nxe4 11. 0-0 Nxc3 12. bxc3 Bg4 13. Re1 Rxe1+ 14. Qxe1 Bxf3 15. gxf3 Nd7 16. Rd1 Qg5+ 17. Kh1 Nc5 18. Qe3 Qf6 19. Re1 g6 20. Bc4 Rd8 21. Kg2 Kg7 22. f4 Na4 23. Qe7 Qc6+ 24. Re4 Rd7 25. Qe5+ f6 26. Qe8 Nxc3 27. Qg8+ Kh6 28. Qe6 Qxe4+ 29. Qxe4 Nxe4 0-1